Modul pre CAN zbernicu

Guardado en:
Detalles Bibliográficos
Autor principal: Porubský, Marek (Autor)
Otros Autores: Bélai, Igor (Orientador)
Formato: Manuscrito Libro
Lenguaje:eslovaco
Publicado: Bratislava : STU v Bratislave FEI, 2024
Materias:
Acceso en línea:https://opac.crzp.sk/?fn=detailBiblioFormChildU626L&sid=DDCD2C6FBCAD481F2849C3B200E4&seo=CRZP-detail-kniha
Etiquetas: Agregar Etiqueta
Sin Etiquetas, Sea el primero en etiquetar este registro!

MARC

LEADER 00000ntm a22000003a 4500
001 stuzp93515
003 SK-STU
005 20250326120737.7
007 ta
008 150427s2015----xo-----f-mn---000-0-slo-d
040 |a STU  |b slo 
041 0 |a slo 
044 |a xo 
100 1 |a Porubský, Marek  |u 030400  |4 aut  |U FEI Fakulta elektrotechniky a informatiky  |T FEI Ústav automobilovej mechatroniky  |X 112208  |U E400  |Y 642  |7 112208 
242 0 1 |a Module for CAN bus  |y eng 
245 1 0 |a Modul pre CAN zbernicu 
260 |a Bratislava :  |b STU v Bratislave FEI,  |c 2024 
300 |a 45 s. 
650 4 |a učebná pomôcka  |2 slo 
650 4 |a CAN zbernica  |2 slo 
650 4 |a Modul pre CAN zbernicu  |2 slo 
650 4 |a CAN bus  |2 eng 
650 4 |a CAN bus module  |2 eng 
650 4 |a teaching tool  |2 eng 
700 1 |a Bélai, Igor  |u 030400  |k Z2  |4 ths  |U FEI Fakulta elektrotechniky a informatiky  |T FEI Ústav automobilovej mechatroniky  |X 4947  |U E400  |Y 642  |7 A000004947 
856 4 |u https://opac.crzp.sk/?fn=detailBiblioFormChildU626L&sid=DDCD2C6FBCAD481F2849C3B200E4&seo=CRZP-detail-kniha